|
|
|
|
| LEADER |
00792nam a22002412a 4500 |
| 001 |
000960488 |
| 003 |
CZ BrMZK |
| 005 |
20091214110127.0 |
| 007 |
ta |
| 008 |
090813s1963 xo er|||||||||||slo d |
| 040 |
|
|
|a ABA001
|b cze
|d BOA001
|
| 041 |
1 |
|
|a slo
|h ger
|
| 100 |
1 |
|
|a Mader, Julius,
|d 1928-2000
|7 jn20001227781
|4 aut
|
| 245 |
1 |
0 |
|a Muž s jazvou /
|c Julius Mader ; z nemeckého originála preložila Dušana Ronecová
|
| 250 |
|
|
|a 1. vyd.
|
| 260 |
|
|
|a Bratislava :
|b Vydavateľstvo politickej literatúry,
|c 1963
|
| 300 |
|
|
|a 302 s.
|
| 700 |
1 |
|
|a Ronecová, Dušana
|4 trl
|
| 765 |
0 |
|
|t Jagd nach dem Narbengesicht
|9 Slovensky
|
| 910 |
|
|
|a BOA001
|b 1-0511.436
|
| 990 |
|
|
|a BK
|
| 991 |
|
|
|b 200908
|
| 996 |
7 |
|
|b 2619447065
|c 1-0511.436
|l MZK
|r Sklad / do 1 hodiny
|n 0
|w 001093551
|u 000010
|a 1
|e BOA001
|j MZK50
|s A
|